Culture générale - numéro 27 - Statistiques

Statistiques générales
  • Ce quiz a été pris 125 fois
  • Le résultat moyen est 8 sur 15
Statistiques - réponses
Question Réponse % Correct
Dans quelle ville française se situe le parlement européen? Strasbourg
79%
Comment appelle t'on la voiture du pape? Papamobile
73%
Quel département d'outre-mer est le dernier à avoir rejoint la France? Mayotte
67%
Quelle marque est connue pour son jeu d'assemblage de planchettes de bois? Kapla
62%
Quel thé vert asiatique s'est largement démocratisé aujourd'hui dans les pays occidentaux? Matcha
54%
Quel acronyme anglophone désigne un OVNI? UFO
54%
Comment dit on dix-sept en espagnol? Diecisiete
51%
Par quel nom est plus communément appelé Vladimir Ilitch Oulianov? Lénine
51%
En quoi est transformée une personne lycanthrope? Loup-Garou
51%
Quel mouvement social, culturel et spirituel a pris racine en Jamaïque vers 1930? Rastafari
49%
Quelle est la préfecture de la Polynésie française? Papeete
46%
Nommez un des deux présidents de la 4ème république Vincent Auriol /René Coty
45%
Quel préfet de Judée a condamné Jésus? Ponce Pilate
34%
Quelle région urbaine d'Allemagne regroupe plusieurs grandes villes comme Dortmund ou Bochum? Ruhr
29%
Quelle anagramme de "soigneur" désigne le projet de ce dernier? Guérison
26%
Aucun quiz correspondant
Distribution des résultats
% des personnes avec chaque résultat
Percentile par nombre de réponses
Votre historique - résultats
Vous n’avez pas pris ce quiz